Seven deadly sins : personnages les plus puissants - Statistiques

Statistiques générales
  • Ce quiz a été pris 990 fois
  • Le résultat moyen est 6 sur 10
Statistiques - réponses
Hint Réponse % Correct
2 Meliodas
100%
5 Escanor
92%
6 Ban
88%
9 King
85%
8 Zeldris
78%
1 Arthur
62%
7 Mael
51%
3 Roi démon
38%
4 Divinité suprême
23%
10 Démon originel
11%
Aucun quiz correspondant
Distribution des résultats
% des personnes avec chaque résultat
Percentile par nombre de réponses
Votre historique - résultats
Vous n’avez pas pris ce quiz